| 000 | 00365nam a22001217a 4500 | ||
|---|---|---|---|
| 082 | _a220 PRO | ||
| 100 |
_aAYESHA,AAFREEN,ALISHBAH,AMMAMA _971927 |
||
| 245 | _aPR-SOF-1399-REMOTE EXPERT SYSTEM FOR EPILEPTIC SEIZURE DETECTION USING EEG | ||
| 260 |
_aISLAMABAD _bNUST COLLEGE OF EME _c2014 |
||
| 650 | _a DE-COMP-32 | ||
| 700 |
_aDR SHOAB A KHAN _918474 |
||
| 942 | _cCR | ||
| 999 |
_c578193 _d578193 |
||